What moves markets?

Kľúčovou otázkou v makrofinanciách je, do akej miery makrosprávy ovplyvňujú ceny aktív. Odpovedať na túto otázku je ťažké, pretože ceny aktív a makropremenné sú endogénne, pohybujú sa súčasne a obe sú poháňané inými – potenciálne nepozorovateľnými – faktormi.

Salvato in:
Dettagli Bibliografici
Autore principale: Kerssenfischer, Mark
Natura: Capitolo di libro
Lingua:inglese
Soggetti:
Tags: Aggiungi Tag
Nessun Tag, puoi essere il primo ad aggiungerne!!

MARC

LEADER 00000naa a2200000 4500
001 0303475
005 20240809090946.2
041 0 |a eng 
044 |a NL 
245 1 0 |a What moves markets?  |c Mark Kerssenfischer 
520 |a Kľúčovou otázkou v makrofinanciách je, do akej miery makrosprávy ovplyvňujú ceny aktív. Odpovedať na túto otázku je ťažké, pretože ceny aktív a makropremenné sú endogénne, pohybujú sa súčasne a obe sú poháňané inými – potenciálne nepozorovateľnými – faktormi. 
610 2 0 |a makroekonomika 
610 2 0 |a trhy 
610 2 0 |a informácie 
610 2 0 |a správanie 
610 2 0 |a ekonomika 
100 1 |a Kerssenfischer, Mark